<?xml version="1.0" encoding="UTF-8"?><?xml-stylesheet type="text/xsl" href="static/style.xsl"?><OAI-PMH xmlns="http://www.openarchives.org/OAI/2.0/" xmlns:xsi="http://www.w3.org/2001/XMLSchema-instance" xsi:schemaLocation="http://www.openarchives.org/OAI/2.0/ http://www.openarchives.org/OAI/2.0/OAI-PMH.xsd"><responseDate>2026-04-17T15:07:18Z</responseDate><request verb="GetRecord" identifier="oai:www.recercat.cat:2445/126020" metadataPrefix="marc">https://recercat.cat/oai/request</request><GetRecord><record><header><identifier>oai:recercat.cat:2445/126020</identifier><datestamp>2025-12-05T12:12:10Z</datestamp><setSpec>com_2072_1057</setSpec><setSpec>col_2072_478916</setSpec><setSpec>col_2072_478917</setSpec><setSpec>col_2072_478921</setSpec></header><metadata><record xmlns="http://www.loc.gov/MARC21/slim" xmlns:dcterms="http://purl.org/dc/terms/" xmlns:xsi="http://www.w3.org/2001/XMLSchema-instance" xmlns:doc="http://www.lyncode.com/xoai" xsi:schemaLocation="http://www.loc.gov/MARC21/slim http://www.loc.gov/standards/marcxml/schema/MARC21slim.xsd">
   <leader>00925njm 22002777a 4500</leader>
   <datafield ind2=" " ind1=" " tag="042">
      <subfield code="a">dc</subfield>
   </datafield>
   <datafield ind2=" " ind1=" " tag="720">
      <subfield code="a">Rubio Borrego, Francisco Ramón</subfield>
      <subfield code="e">author</subfield>
   </datafield>
   <datafield ind2=" " ind1=" " tag="720">
      <subfield code="a">Krupinski, Y.</subfield>
      <subfield code="e">author</subfield>
   </datafield>
   <datafield ind2=" " ind1=" " tag="720">
      <subfield code="a">Carvajal, Ana</subfield>
      <subfield code="e">author</subfield>
   </datafield>
   <datafield ind2=" " ind1=" " tag="720">
      <subfield code="a">Arboix, A. (Adrià)</subfield>
      <subfield code="e">author</subfield>
   </datafield>
   <datafield ind2=" " ind1=" " tag="720">
      <subfield code="a">SPS3 Investigators</subfield>
      <subfield code="e">author</subfield>
   </datafield>
   <datafield ind2=" " ind1=" " tag="260">
      <subfield code="c">2018-11-12T15:23:21Z</subfield>
   </datafield>
   <datafield ind2=" " ind1=" " tag="260">
      <subfield code="c">2018-11-12T15:23:21Z</subfield>
   </datafield>
   <datafield ind2=" " ind1=" " tag="260">
      <subfield code="c">2013-08-10</subfield>
   </datafield>
   <datafield ind2=" " ind1=" " tag="260">
      <subfield code="c">2018-11-12T15:23:21Z</subfield>
   </datafield>
   <datafield ind2=" " ind1=" " tag="520">
      <subfield code="a">Background: Lowering of blood pressure prevents stroke but optimum target levels to prevent recurrent stroke are unknown. We investigated the effects of different blood-pressure targets on the rate of recurrent stroke in patients with recent lacunar stroke. Methods: In this randomised open-label trial, eligible patients lived in North America, Latin America, and Spain and had recent, MRI-defined symptomatic lacunar infarctions. Patients were recruited between March, 2003, and April, 2011, and randomly assigned, according to a two-by-two multifactorial design, to a systolic-blood-pressure target of 130-149 mm Hg or less than 130 mm Hg. The primary endpoint was reduction in all stroke (including ischaemic strokes and intracranial haemorrhages). Analysis was done by intention to treat. This study is registered with ClinicalTrials.gov, number NCT 00059306. Findings: 3020 enrolled patients, 1519 in the higher-target group and 1501 in the lower-target group, were followed up for a mean of 3·7 (SD 2·0) years. Mean age was 63 (SD 11) years. After 1 year, mean systolic blood pressure was 138 mm Hg (95% CI 137-139) in the higher-target group and 127 mm Hg (95% CI 126-128) in the lower-target group. Non-significant rate reductions were seen for all stroke (hazard ratio 0·81, 95% CI 0·64-1·03, p=0·08), disabling or fatal stroke (0·81, 0·53-1·23, p=0·32), and the composite outcome of myocardial infarction or vascular death (0·84, 0·68-1·04, p=0·32) with the lower target. The rate of intracerebral haemorrhage was reduced significantly (0·37, 0·15-0·95, p=0·03). Treatment-related serious adverse events were infrequent. Interpretation: Although the reduction in stroke was not significant, our results support that in patients with recent lacunar stroke, the use of a systolic-blood-pressure target of less than 130 mm Hg is likely to be beneficial.</subfield>
   </datafield>
   <datafield tag="653" ind2=" " ind1=" ">
      <subfield code="a">Pressió sanguínia</subfield>
   </datafield>
   <datafield tag="653" ind2=" " ind1=" ">
      <subfield code="a">Manifestacions neurològiques de les malalties</subfield>
   </datafield>
   <datafield tag="653" ind2=" " ind1=" ">
      <subfield code="a">Blood pressure</subfield>
   </datafield>
   <datafield tag="653" ind2=" " ind1=" ">
      <subfield code="a">Neurologic manifestations of general diseases</subfield>
   </datafield>
   <datafield ind2="0" ind1="0" tag="245">
      <subfield code="a">Blood-pressure targets in patients with recent lacunar stroke: the SPS3 randomised trial</subfield>
   </datafield>
</record></metadata></record></GetRecord></OAI-PMH>